Problem solving in the mathematics classroom

Saved in:
Bibliographic Details
Format: Book
Language:English
Published: [s.l.] : MCATA, 1982
Series:Math monograph ; ; 7
Subjects:
Tags: Add Tag
No Tags, Be the first to tag this record!

MARC

LEADER 00000nam a2200000 i 4500
001 1/10936
008 000907s1982 eng d
020 |a 0-920696-51-1 
035 |l 10063643 
040 |a GR-MY-UA  |b gre  |e aacr 
041 0 |a eng 
082 0 |a 372.7 
245 1 0 |a Problem solving in the mathematics classroom 
260 |a [s.l.] :   |b MCATA,   |c 1982 
300 |a 175 p.;  |c 28 cm 
490 1 |a Math monograph  |v ; 7 
650 0 0 |a Mathematics  |x Study and teaching. 
830 0 |a Math monograph ;  |v ; 7 
852 |a INST  |b RHODES  |e 20000907  |h 372.7 PRO  |p 005400007907  |q 005400007907  |t BK  |y 0 
909 |a Ρ  |b 020853 
922 |a 4ΕΛΗ  |b 199108 
970 |z 2000/09/ΣΟΦΙΑ